000
00285nam a22001337a 4500
008
170227b xxu||||| |||| 00| 0 alb d
020
_a
9789951460156
041
_a
alb
080
_2
4rt
_a
577
100
_a
5
101
_a
SHMB
245
_a
BIOKIMIA KLINIKE
_c
GAW, A
942
_2
udc
_c
BK
999
_c
6323
_d
6323